Arsenal - prawda czy fałsz? - Statystyki

Ogólne statystyki
  • Ten quiz został rozwiązany 266 razy
  • Średni wynik to 11 z 15
Statystyki odpowiedzi
Zagadnienie Odpowiedź % Poprawnych
Przydomkiem klubu jest są ,,Kanonierzy'' Prawda
96%
Wygrał chodź raz Premier League Prawda
96%
Gra na Old Trafford Fałsz
94%
Trener jest Mikel Arteta Prawda
93%
Thomas Partey jest kapitanem Fałsz
91%
Arsenal wygrał ligę mistrzów Fałsz
87%
Aktualnie w Arsenalu gra Polak Prawda
80%
Powstał XIX wieku. Prawda
78%
Patrick Vieira jest wychowankiem Arsenalu Fałsz
76%
Wygrał FA Cup 14 razy Prawda
76%
Maskotką jest armata Fałsz
64%
Arsenal w sezonie 23/24 zdobył co najmniej 90 punktów w Premier League Fałsz
56%
Wygrał trofeum w sezonie 23/24 Prawda
43%
David O’Leary jest zawodnikiem który zagrał najwięcej meczów dla Arsenalu Prawda
34%
Arsene Wenger był Trenerem ponad 25 lat Fałsz
32%
Nie znaleziono quizów pasujących do podanych kryteriów
Rozkład punktacji
Procent ludzi z każdym wynikiem
Percentyl według liczby udzielonych odpowiedzi
Twoja historia wyników
Nie rozwiązałeś tego quizu